00538nam a22001817a 450000500170000001000150001702000270003203500140005903700080007303700140008108200150009510000160011024500500012626000480017627000720022430000210029650000390031720190405144759.0 aENG-124977 a9789383316090c1195.00 aEN-108509 adpl bDBAD/PUB. a327.540515 aSarin, M.N. aIndia's tibet policy and china/cby M.N.Sarin aDelhibGaurav Book Centre (Pvt.) Ltd.c2015 a4832/24, Prahlad Lane, S-207 Ansari Road, Daryaganj,bDelhie110002v a312p.c22cm(Hbk) aIt includes bibliography and index